Super Mario 64 Power Stars: Bob-omb Battlefield - Statistics

General Stats
  • This quiz has been taken 134 times
  • The average score is 6 of 8
Answers on the Map
Answers color-coded by a green-red scale on the quiz's map according to % correct below.
 
Answer Stats
# Answer % Correct
4 Find the 8 {Red} {Coins}
96%
6 Behind {Chain} {Chomp}’s Gate
91%
3 Shoot to the {Island} in the Sky
77%
3 5 {Silver} Stars!
68%
2 {Footrace} with Koopa the Quick
67%
1 Big Bob-omb on the {Summit}
64%
5 Mario {Wings} to the Sky
60%
4 Big Bob-omb’s {Revenge}
40%
No matching quizzes found
Score Distribution
Percent of People with Each Score
Percentile by Number Answered
Your Score History
You have not taken this quiz